Major North American Pro Sports Teams Ending With -ers - Statistics

General Stats
  • This quiz has been taken 81 times
  • The average score is 17 of 24
Answer Stats
League Team % Correct
NFL Football San Francisco 49ers
86%
NBA Basketball Los Angeles Lakers
80%
NBA Basketball Philadelphia 76ers
80%
NFL Football Carolina Panthers
79%
NHL Hockey Florida Panthers
79%
NFL Football Las Vegas Raiders
79%
Major League Baseball Los Angeles Dodgers
79%
NFL Football Green Bay Packers
77%
NHL Hockey New York Rangers
76%
Major League Baseball Texas Rangers
76%
NFL Football Los Angeles Chargers
73%
NFL Football Pittsburgh Steelers
73%
Major League Baseball Seattle Mariners
73%
NFL Football Washington Commanders
70%
Major League Baseball Detroit Tigers
69%
NFL Football Tampa Bay Buccaneers
69%
NBA Basketball Los Angeles Clippers
68%
NHL Hockey New York Islanders
66%
NBA Basketball Indiana Pacers
63%
NHL Hockey Philadelphia Flyers
63%
NBA Basketball Portland Trail Blazers
63%
Major League Baseball Milwaukee Brewers
62%
NHL Hockey Edmonton Oilers
55%
NBA Basketball Cleveland Cavaliers
54%
No matching quizzes found
Score Distribution
Percent of People with Each Score
Percentile by Number Answered
Your Score History
You have not taken this quiz